Príležitosti firiem po krízovom období bakalárska práca

Guardado en:
Detalles Bibliográficos
Autor principal: Gregor, Martin
Autor Corporativo: Obchodná fakulta EU. Katedra medzinárodného obchodu
Otros Autores: Hrinko, Ján, 1992-
Formato: Libro
Lenguaje:eslovaco
Publicado: Bratislava 2021
Etiquetas: Agregar Etiqueta
Sin Etiquetas, Sea el primero en etiquetar este registro!

MARC

LEADER 00000nbm a2200000 4500
001 0276075
005 20220209124107.2
041 0 |a slo 
044 |a SK 
245 1 0 |a Príležitosti firiem po krízovom období  |b bakalárska práca  |c Martin Gregor ; školiteľ: Ján Hrinko 
264 1 |a Bratislava  |c 2021 
300 |a 54 s. 
100 1 |a Gregor, Martin 
700 1 |a Hrinko, Ján, 1992- 
710 2 |a Obchodná fakulta EU. Katedra medzinárodného obchodu